8 to 1: 1970s American Pop Culture Quiz Stats

Quiz Updated Dec 9, 2017

Challenge
Share
Tweet
Embed
Score 0/36 Timer 05:00
2 Plays Today
% Correct
The Towering Inferno
95.6%
Earthquake
94.2%
The Poseidon Adventure
94.1%
Avalanche
92.4%
Bell-bottoms
91.8%
The Cowboy
91.7%
The Hindenburg
91.5%
The Cop
91.4%
Tube Tops
91.2%
The Soldier
90.8%
Platform Shoes
90.6%
The Construction Worker
90.6%
Wrap Dresses
90.4%
Leisure Suits
90.4%
The Leather Man
90.2%
Rust
90.1%
Gold
90.1%
The Native American
89.8%
% Correct
My Ding-a-Ling
89.4%
Avocado
87.4%
Disco Duck
87%
The Electric Slide
85.6%
Airport
85.2%
Sigmund and the Sea Monsters
84.4%
The Bump
82.6%
Pet Rock
78.5%
The Bugaloos
78.5%
Land of the Lost
77.8%
Short People
71.8%
The Streak
68.5%
The Cassandra Crossing
68.4%
Two-Minute Warning
66.3%
Convoy
65.5%
Junk Food Junkie
64%
Lidsville
50.7%
Popcorn
44%

You're not logged in!

Compare scores with friends on all Sporcle quizzes.
Sign Up with Email
OR
Log In

You Might Also Like...

Show Comments

Extras

Top Quizzes Today


Score Distribution

Your Account Isn't Verified!

In order to create a playlist on Sporcle, you need to verify the email address you used during registration. Go to your Sporcle Settings to finish the process.